header

Secrets of becoming (Record no. 126272)

MARC details
000 -LEADER
fixed length control field 01707nam a2200397 a 4500
082 04 - DEWEY DECIMAL CLASSIFICATION NUMBER
Classification number 192
245 10 - TITLE STATEMENT
Title Secrets of becoming
250 ## - EDITION STATEMENT
Edition statement 1st ed.
260 ## - PUBLICATION, DISTRIBUTION, ETC. (IMPRINT)
Place of publication New York :
Name of publisher Fordham University Press,
Year of publication 2011.
300 ## - PHYSICAL DESCRIPTION
Number of Pages xx, 277 p.
500 ## - GENERAL NOTE
General note The essays from the conference have been substantially rev. and new material has been added.
650 #0 - SUBJECT ADDED ENTRY--TOPICAL TERM
Topical Term Becoming (Philosophy)
700 1# - ADDED ENTRY--PERSONAL NAME
Personal name Faber, Roland,
Personal name Stephenson, Andrea M.
856 40 - ELECTRONIC LOCATION AND ACCESS
Uniform Resource Identifier http://site.ebrary.com/lib/rucke/Doc?id=10460266

No items available.

© 2026 Rongo University
Contact us: librarian | system librarian | Rongo university